NCAA Division I Hockey Team Names - Statistics

General Stats
  • This quiz has been taken 45 times
  • The average score is 40 of 64
Answer Stats
Atlantic Hockey America % Correct
Michigan Wolverines
97%
Notre Dame Fighting Irish
92%
Michigan State Spartans
92%
Wisconsin Badgers
89%
Ohio State Buckeyes
89%
Minnesota Golden Gophers
89%
Penn State Nittany Lions
89%
Rochester Institute of Technology Tigers
89%
Princeton Tigers
89%
Colorado College Tigers
89%
Ferris State Bulldogs
87%
Yale Bulldogs
87%
Minnesota - Duluth Bulldogs
87%
Air Force Falcons
87%
Bentley Falcons
87%
Bowling Green Falcons
87%
Brown Bears
84%
Army Black Knights
82%
Boston College Eagles
79%
Arizona State Sun Devils
79%
Michigan Tech Huskies
76%
Connecticut Huskies
76%
Northeastern Huskies
76%
St. Cloud State Huskies
76%
Harvard Crimson
74%
Cornell Big Red
71%
Western Michigan Broncos
71%
Massachusetts Minutemen
68%
Northern Michigan Wildcats
68%
New Hampshire Wildcats
68%
Maine Black Bears
63%
Sacred Heart Pioneers
63%
Denver Pioneers
63%
Boston University Terriers
63%
Quinnipiac Bobcats
58%
Lindenwood Lions
58%
Miami RedHawks
58%
Providence Friars
55%
Dartmouth Big Green
53%
Vermont Catamounts
53%
Mercyhurst Lakers
53%
Lake Superior State Lakers
53%
Bemidji State Beavers
50%
Long Island Sharks
50%
Holy Cross Crusaders
47%
Minnesota State Mavericks
47%
Omaha Mavericks
47%
Niagara Purple Eagles
47%
Colgate Raiders
42%
North Dakota Fighting Hawks
39%
Alaska Nanooks
39%
St. Thomas Tommies
39%
Robert Morris Colonials
37%
St. Lawrence Saints
37%
Canisius Golden Griffins
34%
Clarkson Golden Knights
32%
UMass - Lowell River Hawks
32%
Alaska Anchorage Seawolves
32%
American International Yellow Jackets
32%
Augustana Vikings
29%
Rensselaer Polytechnic Engineers
26%
Merrimack Warriors
24%
Stonehill Skyhawks
16%
Union Garnet Chargers
11%
No matching quizzes found
Score Distribution
Percent of People with Each Score
Percentile by Number Answered
Your Score History
You have not taken this quiz